Quizzes
Events
Quiz Creation
Community
Videos
Private Events
Remove Ads
Sign In
Join for FREE
Feedback
Dark Mode
Quiz Categories
Sports
Geography
Music
Movies
Television
Just For Fun
Miscellaneous
History
Literature
Language
Science
Gaming
Entertainment
Religion
Holiday
For Kids
Quiz Lab
Recent
Popular Today
Quiz Kudos Today
Editor Picks
Curator Picks
Quizzes by...
Day
Popularity
Type
Ratings
Length
Year
Community
Subscriptions
Recent Discussions
Orange Saloon
Badges
Playlists
Quests
Create
Leaderboards
Showdown
Live 5
Trivia Bingo
Activity
Puzzle Library
Sporcle Events
Private Events
Virtual Trivia
Globe League
Become a Host
Pub Owners
SporcleCon
Opinionation
Our Games
Videos
Blog
Mobile Apps
Partnerships
Remove Ads and Go Orange
Feedback
Music
Pop Music
The Beatles
Song
Album
Lyrics
Bands
Singers
Artist
Clip
Rock
Rap
Classical
Billboard
Country Music
Kpop
Taylor Swift
Music
Pop Music
The Beatles
Song
Album
Lyrics
Bands
Singers
Artist
Clip
Rock
Rap
Classical
Billboard
Country Music
Kpop
Taylor Swift
Random Quiz
Search Sporcle
×
Quiz Lab
Quiz Lab
Music
Famous
Type in answers that appear in a list
Type in answers that appear in a list
Classic
Best Score? Go Orange.
'Heart Songs' People Stats
Can you name the people mentioned in the lyrics to Weezer's 'Heart Songs'?
By
RCHPfan96
6m
17 Questions
85 Plays
85 Plays
85 Plays
Comments
Comments
Give Quiz Kudos
Give Quiz Kudos
-
- Ratings
hide this ad
Replay
Link that replays current quiz
Next Quiz
Link to next quiz in quiz playlist
You Got
0%
They Got
Avg Score
60%
Avg Friend Score
Upgrade to see
Score Distribution
Jump to the score distribution portion of the page
Score
0/17
Timer
06:00
0
Plays Today
Lyric
Person
% Correct
'_
_
_
_
_
_
's in the mirror'
Michael Jackson
81.2%
'_
_
_
_
_
_
, _
_
_
_
_
_
, _
_
_
_
_
_
, were there the day _
_
_
_
_
_
died'
John Lennon
72.9%
'_
_
_
_
_
_
, _
_
_
_
_
_
, and _
_
_
_
_
_
taught me how to shred'
Slayer
72.9%
'A _
_
_
named _
_
_
found a faith he could believe in'
Cat Stevens
70.6%
'Mr. _
_
_
_
_
_
said he had a hungry heart'
Bruce Springsteen
69.4%
'_
_
_
_
_
_
got me started with the banging of my head'
Quiet Riot
69.4%
'_
_
_
_
_
_
, _
_
_
_
_
_
, and _
_
_
_
_
_
taught me how to shred'
Judas Priest
68.2%
'_
_
_
_
_
_
sang a song about a boat that sank in a lake at the break of the morning'
Gordon Lightfoot
65.9%
'_
_
_
_
_
_
, _
_
_
_
_
_
, and _
_
_
_
_
_
taught me how to shred'
Iron Maiden
65.9%
Lyric
Person
% Correct
'If the _
_
_
_
_
_
starts a fight'
Will Smith (Fresh Prince)
63.5%
'And _
_
_
_
_
_
, I never listened to too much jazz'
Joan Baez
58.8%
'_
_
_
_
_
_
tell me that you think we're all alone'
Debbie Gibson
50.6%
'_
_
_
_
_
_
, _
_
_
_
_
_
, _
_
_
_
_
_
, were there the day _
_
_
_
_
_
died'
Pat Benatar
44.7%
'_
_
_
_
_
_
, _
_
_
_
_
_
, _
_
_
_
_
_
, were there the day _
_
_
_
_
_
died'
ABBA
43.5%
'_
_
_
_
_
_
was happy on the day he topped the charts'
Grover Washington
43.5%
'_
_
_
_
_
_
sang about how much he loved a rainy night'
Eddie Rabbitt
41.2%
'_
_
_
_
_
_
, _
_
_
_
_
_
, _
_
_
_
_
_
, were there the day _
_
_
_
_
_
died'
Devo
41.2%
Quiz Playlist
Details
Report
Send in Message
Add To Playlist
Classic:
Type in answers that appear in a list
Quiz Source
Last Updated: Feb 16, 2017
Quiz Scoreboard
CHALLENGE
Sign Up to Join the Scoreboard
Show All
Scores
Hide
Comments
May contain spoilers
Recently Published
College Basketball Coaching Resumes
by pancakes188
Sports
9m
Billboard Blitz: Fleetwood Mac
by CooCooCachoo
Music
15s
Presidents Visiting Landmarks
by Hejman
History
7m
More to Explore
Quiz From the Vault
Featured Blog Post
Where Did the Easter Bunny Come From?
hide this ad
You Might Also Like...
Tags
Famous Quiz
people
Weezer
Today's Top Quizzes in Music
Browse Music
hide this ad
Today's Top Quizzes in Famous
Browse Famous
Top Contributed Quizzes in Music
1
Taylor Swift All Songs (2024)
2
7-to-1: Billboard Hot 100 #1 Hits of 2010s
3
Guess the Artist- 70s Songs
4
Sorting Albums and Songs
5
Taylor Swift Logic Puzzle
6
KPOP LOGIC QUIZ
7
Guess the Taylor Swift song (Mystery Song)
8
2010s Album by Cover III
9
One Thing in Common: Music
10
Guess The Taylor Swift Lyrics Song #1
Explore More
Trending Topics
Crossword
Kpop
Harry Potter
Disney
Anime
NBA
Marvel
NFL
Song
Pokémon
The Office
WWE
Soccer
Country
Puzzle
hide this ad
More By:
RCHPfan96
Quiz
Plays
Rating
Category
Featured
Created
60 Second Blitz: Bands by Members
59,123
4.22
Music
Jun 7, 2010
Which Album Came First?
11,306
2.24
Music
Mar 21, 2010
Well-Known Bands, Unknown Songs (Clips)
1,354
3.46
Music
Feb 26, 2011
Simpsons Characters (Video Quiz)
1,123
3.27
Television
Jan 22, 2010
Sports Team by Anagram
797
4.43
Sports
Feb 7, 2010
Go to Creator's Profile
Score Distribution
Quiz Creator Spotlight
RCHPfan96
Follow
Send a Message
Quizzes Created
-
Created Quiz Play Count
-
More By This Creator
Popular Quizzes Today
1
Find the US States - No Outlines Minefield
2
Find the Countries of Europe - No Outlines Minefield
3
The Countries of the World
4
Find the US States
5
Risky Map Clicking: Biggest States A-Z
6
US States
7
Popular People in 1961
8
Movies - When Are They Set?
More Music Quizzes
Figure Out the Taylor Swift Lyrics XVIII
Quiz Lab
Trending Quizzes
Risky Map Clicking: Least Populous States A-Z
1-10 Letter G Words
1-10 Letter F Words
Risky Map Clicking: Next State Alphabetically
Risky Map Clicking: Biggest States A-Z
Recently Updated
Leaping Animals
pecheneg
Reality TV Shows (A-Z)
bhenderson79
Rickey Henderson's Hall of Fame Teammates
pecheneg
Champions League XIs: Arsenal
pecheneg
Quick Pick: Celebrities in WWE's Hall of Fame
aduchscher
A-Z Keypad Blitz II
pecheneg
Multiple Oscar Actors
pecheneg
Mystery Phrase Blitz: Oscar 'Best Actors'
pecheneg
F. Scott Fitzgerald Novels
LTH
Pick 3 Villains
ddd62291
Trending Topics
Anime
Kpop
Disney
Crossword
Harry Potter
NBA
Marvel
NFL
Puzzle
Pokémon
WWE
Soccer
Song
Country
The Office
Your Account Isn't Verified!
In order to create a playlist on Sporcle, you need to verify the email address you used during registration. Go to your
Sporcle Settings
to finish the process.
Report this User
Report this user for behavior that violates our
Community Guidelines
.
Details:
Send Report
Go to the Sporcle.com Mobile Site →
Comments